[Event "47. Ilmar Raud Memorial"]
[Site "Viljandi"]
[Date "2013.07.01"]
[Round "1"]
[White "Narva, Triin"]
[Black "Khalifman, Alexander"]
[Result "0-1"]
[WhiteElo "2083"]
[BlackElo "2630"]
[PlyCount "56"]
[EventDate "2013.??.??"]
[EventCountry "EST"]
[TimeControl "40/5400+30:900+30"]

1. e4 c5 2. Nf3 e6 3. c3 d5 4. exd5 Qxd5 5. d4 Nf6 6. Be2 Nc6 7. Na3 Qd8 8. Nc2
Be7 9. O-O Qc7 10. Be3 Ng4 11. h3 Nxe3 12. fxe3 O-O 13. Nce1 b6 14. Qc2 Bb7 15.
Bd3 g6 16. Nh2 Rad8 17. Ng4 f5 18. Nf2 Qg3 19. Nf3 Ne5 20. Nh1 Nxf3+ 21. Rxf3
Qg5 22. Rg3 Qh4 23. Qf2 e5 24. Bc4+ Kh8 25. Rf1 cxd4 26. exd4 exd4 27. cxd4
Rxd4 28. b3 Rxc4 0-1

[Event "47. Ilmar Raud Memorial"]
[Site "Viljandi"]
[Date "2013.07.01"]
[Round "1"]
[White "Narva, Regina"]
[Black "Kovalev, Vladislav"]
[Result "0-1"]
[WhiteElo "2048"]
[BlackElo "2558"]
[PlyCount "26"]
[EventDate "2013.??.??"]
[EventCountry "EST"]
[TimeControl "40/5400+30:900+30"]

1. e4 e5 2. Nc3 Nf6 3. g3 Nc6 4. Bg2 Bc5 5. h3 d6 6. Nge2 Be6 7. O-O Qd7 8. Kh2
h5 9. Na4 O-O-O 10. Nxc5 dxc5 11. d3 c4 12. f4 cxd3 13. Nc3 d2 0-1

[Event "47. Ilmar Raud Memorial"]
[Site "Viljandi"]
[Date "2013.07.01"]
[Round "1"]
[White "Tominga, Eke"]
[Black "Kanep, Meelis"]
[Result "0-1"]
[WhiteElo "1993"]
[BlackElo "2512"]
[PlyCount "88"]
[EventDate "2013.??.??"]
[EventCountry "EST"]
[TimeControl "40/5400+30:900+30"]

1. e4 c5 2. Nf3 d6 3. d4 cxd4 4. Nxd4 Nf6 5. Nc3 a6 6. Bg5 Nbd7 7. Bc4 Qa5 8.
Qd2 e6 9. O-O h6 10. Bh4 Be7 11. Rfe1 g5 12. Bg3 Nh5 13. Rad1 Ne5 14. Bb3 Nxg3
15. hxg3 g4 16. f4 gxf3 17. gxf3 Rg8 18. Qxh6 Rxg3+ 19. Kf2 Rxf3+ 20. Kg2 Bf8
21. Qg5 Rxc3 22. bxc3 Qxc3 23. Re3 Qc5 24. Qg3 Bd7 25. c3 O-O-O 26. Rh1 Kb8 27.
Qg5 Rc8 28. Nf3 Be7 29. Nxe5 dxe5 30. Qg3 f5 31. exf5 Bc6+ 32. Kg1 exf5 33.
Qxe5+ Bd6 34. Qd4 f4 35. Re2 Qg5+ 36. Kf1 Bc5 37. Rg1 Qh4 38. Qe5+ Ka8 39. Be6
Bxg1 40. Kxg1 Qh1+ 41. Kf2 Qf3+ 42. Ke1 Rd8 43. Qg7 Qh1+ 44. Kf2 Qh4+ 0-1

[Event "47. Ilmar Raud Memorial"]
[Site "Viljandi"]
[Date "2013.07.01"]
[Round "1"]
[White "Volodin, Aleksandr"]
[Black "Kastelijn, Twan"]
[Result "1-0"]
[WhiteElo "2485"]
[BlackElo "1971"]
[PlyCount "29"]
[EventDate "2013.??.??"]
[EventCountry "EST"]

1. d4 e6 2. c4 Nf6 3. Nf3 b6 4. a3 Ba6 5. Qc2 d5 6. cxd5 exd5 7. g3 Be7 8. Bg2
O-O 9. O-O Nbd7 10. Nc3 c5 11. Bf4 c4 12. Ne5 Bb7 13. Nxc4 Rc8 14. Ne3 Nh5 15.
Bxd5 1-0

[Event "47. Ilmar Raud Memorial"]
[Site "Viljandi"]
[Date "2013.07.01"]
[Round "1"]
[White "Bondarenko, Dmitry"]
[Black "Kveinys, Aloyzas"]
[Result "0-1"]
[WhiteElo "1952"]
[BlackElo "2479"]
[PlyCount "88"]
[EventDate "2013.??.??"]
[EventCountry "EST"]

1. d4 Nf6 2. Bg5 e6 3. Bxf6 Qxf6 4. e3 d6 5. c3 g6 6. Nd2 Bg7 7. Ngf3 Qe7 8.
Bb5+ Nd7 9. h4 a6 10. Bd3 d5 11. h5 e5 12. dxe5 Nxe5 13. Nxe5 Bxe5 14. Nf3 Bf6
15. hxg6 hxg6 16. Rxh8+ Bxh8 17. Qb3 c6 18. O-O-O Bg7 19. Rh1 Kf8 20. Qa4 Qf6
21. Qb4+ Kg8 22. Qb6 Qe7 23. Rh4 c5 24. e4 Be6 25. g3 Rc8 26. e5 d4 27. c4 Rc6
28. Qa5 b5 29. Be4 Qc7 30. Qd2 Rb6 31. cxb5 axb5 32. Qa5 Rb7 33. Qa8+ Rb8 34.
Qa6 Qb6 35. Qa3 c4 36. Qe7 d3 37. Qd6 Qxd6 38. exd6 Rb6 39. Ng5 Rxd6 40. Nxe6
Rxe6 41. b3 Kf8 42. bxc4 bxc4 43. Bf3 c3 44. Be4 g5 0-1

[Event "47. Ilmar Raud Memorial"]
[Site "Viljandi"]
[Date "2013.07.01"]
[Round "1"]
[White "Chukavin, Kirill"]
[Black "Shvyrjov, Igor"]
[Result "0-1"]
[WhiteElo "1871"]
[BlackElo "2461"]
[PlyCount "144"]
[EventDate "2013.??.??"]
[EventCountry "EST"]

1. c4 g6 2. Nc3 Bg7 3. d4 d6 4. e4 c6 5. Be3 a6 6. Bd3 b5 7. a3 Nd7 8. Nge2
Ngf6 9. O-O O-O 10. f3 bxc4 11. Bxc4 d5 12. Ba2 dxe4 13. fxe4 Ng4 14. Bg5 h6
15. Bf4 e5 16. dxe5 Qb6+ 17. Qd4 Ngxe5 18. Qxb6 Nxb6 19. Rad1 Nbc4 20. Bxe5
Nxe5 21. Rd6 a5 22. Rfd1 Rb8 23. Na4 Bg4 24. R1d2 h5 25. h3 Bxe2 26. Rxe2 Bh6
27. Nc5 Rfd8 28. Rxd8+ Rxd8 29. Bb3 Bf4 30. Kf2 h4 31. Bc2 Kg7 32. b3 Kf6 33.
Nb7 Ra8 34. Nc5 Rb8 35. Ke1 Bc1 36. Rf2+ Ke7 37. Nd3 Nxd3+ 38. Bxd3 Bxa3 39.
Bc4 f6 40. Rf4 Bd6 41. Rf3 Rb4 42. Rc3 Be5 43. Rc2 Kd6 44. Ke2 Rb8 45. Kd3 Rd8
46. Ke3 Rb8 47. Kd3 g5 48. Ra2 Ra8 49. Ra4 Kc7 50. Ke2 Bc3 51. Ra2 Kb6 52. Rc2
Bd4 53. Kd3 Be5 54. Ke2 Bf4 55. Rc3 Rd8 56. Rd3 Re8 57. Kf3 Be5 58. Rd2 Re7 59.
Rd1 Kc5 60. Rc1 Kb4 61. Bg8 Bc3 62. Rc2 Rd7 63. Ra2 Rd3+ 64. Kg4 Kc5 65. Kf5
Kd6 66. Bc4 Re3 67. Rc2 Kc5 68. Rc1 a4 69. Be6 a3 70. Rc2 Kb4 71. Bf7 Rd3 72.
Bg8 Rd2 0-1

[Event "47. Ilmar Raud Memorial"]
[Site "Viljandi"]
[Date "2013.07.01"]
[Round "1"]
[White "Golubeva, Marija"]
[Black "Agopov, Mikael"]
[Result "0-1"]
[WhiteElo "1817"]
[BlackElo "2429"]
[PlyCount "96"]
[EventDate "2013.??.??"]
[EventCountry "EST"]

1. e4 c5 2. c3 Nf6 3. e5 Nd5 4. d4 cxd4 5. Nf3 Nc6 6. cxd4 d6 7. Bc4 Nb6 8. Bb5
dxe5 9. Nxe5 Bd7 10. Nxd7 Qxd7 11. Nc3 Rd8 12. Bxc6 Qxc6 13. O-O e6 14. Qg4 h5
15. Qh4 Be7 16. Bg5 f6 17. Be3 g5 18. Qe4 Qxe4 19. Nxe4 Kf7 20. Rac1 Nd5 21.
Rc4 Rc8 22. Rfc1 Rxc4 23. Rxc4 Rd8 24. Kf1 g4 25. Ke2 Ke8 26. g3 Kd7 27. f3 f5
28. Nc5+ Bxc5 29. dxc5 Kc6 30. Bd4 Rg8 31. f4 h4 32. Kf2 h3 33. a4 a5 34. Ke2
Rd8 35. b3 Rd7 36. Be5 Nb4 37. Bc3 Rd5 38. Bxb4 axb4 39. Rxb4 Rxc5 40. Kd2 Rd5+
41. Ke2 b6 42. Ke3 Rd1 43. Rc4+ Kd5 44. Rb4 Rh1 45. Rxb6 Rxh2 46. a5 Rg2 47. a6
h2 48. a7 Ra2 0-1

[Event "47. Ilmar Raud Memorial"]
[Site "Viljandi"]
[Date "2013.07.01"]
[Round "1"]
[White "Sipilä, Vilka"]
[Black "Lumiste, Rene"]
[Result "1-0"]
[WhiteElo "2423"]
[BlackElo "1768"]
[PlyCount "35"]
[EventDate "2013.??.??"]
[EventCountry "EST"]

1. h4 e5 2. c4 f5 3. d4 e4 4. Nh3 Bb4+ 5. Nc3 Nf6 6. Nf4 d5 7. Qb3 Bxc3+ 8.
bxc3 c6 9. Ba3 e3 10. f3 Qc7 11. g3 Kf7 12. Bh3 h6 13. h5 Be6 14. Qc2 dxc4 15.
Nxe6 Qxg3+ 16. Kd1 Nxh5 17. Qxf5+ Nf6 18. Nf8 1-0

[Event "47. Ilmar Raud Memorial"]
[Site "Viljandi"]
[Date "2013.07.01"]
[Round "1"]
[White "Bouwmans, Erik"]
[Black "Lauk, Ülar"]
[Result "0-1"]
[WhiteElo "1763"]
[BlackElo "2403"]
[PlyCount "40"]
[EventDate "2013.??.??"]
[EventCountry "EST"]

1. d4 d5 2. c4 c6 3. Nc3 Nf6 4. Nf3 e6 5. Qb3 Nbd7 6. Bg5 Be7 7. e3 a5 8. a4
O-O 9. Bd3 dxc4 10. Bxc4 Nd5 11. Bxe7 Qxe7 12. O-O Nb4 13. e4 b6 14. Rfe1 Bb7
15. d5 Nc5 16. Qd1 Rad8 17. Nd4 cxd5 18. exd5 Qf6 19. Ncb5 Nxd5 20. Ra3 Nf4 0-1

[Event "47. Ilmar Raud Memorial"]
[Site "Viljandi"]
[Date "2013.07.01"]
[Round "1"]
[White "Berzinsh, Roland"]
[Black "Saag, Enith Li"]
[Result "1-0"]
[WhiteElo "2400"]
[BlackElo "1715"]
[PlyCount "69"]
[EventDate "2013.??.??"]
[EventCountry "EST"]

1. e4 e5 2. Nf3 Nc6 3. Bb5 Bc5 4. O-O d6 5. c3 a6 6. Bxc6+ bxc6 7. d4 exd4 8.
cxd4 Bb6 9. Qc2 Bd7 10. Re1 Ne7 11. Nbd2 O-O 12. h3 f5 13. e5 h6 14. exd6 cxd6
15. Rxe7 Qxe7 16. Qb3+ Be6 17. Qxb6 Bd5 18. b3 Qe2 19. Ba3 Qe7 20. Ne5 Rfc8 21.
Nec4 Rcb8 22. Qa5 Rb5 23. Qc3 c5 24. dxc5 dxc5 25. Bb2 Ra7 26. Nf3 Be4 27. Nfe5
Rc7 28. Rd1 Rb8 29. f3 Ba8 30. Rd6 Ra7 31. Qd3 Rf8 32. Ne3 f4 33. N3g4 Qg5 34.
Nxh6+ Kh8 35. Ng6+ 1-0

[Event "47. Ilmar Raud Memorial"]
[Site "Viljandi"]
[Date "2013.07.01"]
[Round "1"]
[White "Nero, Georg"]
[Black "Seeman, Tarvo"]
[Result "0-1"]
[WhiteElo "1666"]
[BlackElo "2376"]
[PlyCount "42"]
[EventDate "2013.??.??"]
[EventCountry "EST"]

1. d4 Nf6 2. Nf3 g6 3. b3 Bg7 4. Bb2 O-O 5. e3 c5 6. Be2 Qa5+ 7. Bc3 Qc7 8.
dxc5 Qxc5 9. O-O Nc6 10. Nd4 d5 11. Nxc6 Qxc6 12. Bf3 Bf5 13. g4 Be4 14. Bxe4
dxe4 15. Qe2 Rfd8 16. Bd4 Rac8 17. c4 Qe6 18. g5 Ng4 19. Rd1 Qf5 20. Nc3 Ne5
21. Kh1 Nf3 0-1

[Event "47. Ilmar Raud Memorial"]
[Site "Viljandi"]
[Date "2013.07.02"]
[Round "2"]
[White "Khalifman, Alexander"]
[Black "Krupenski, Jüri"]
[Result "1/2-1/2"]
[WhiteElo "2630"]
[BlackElo "2299"]
[PlyCount "74"]
[EventDate "2013.??.??"]
[EventCountry "EST"]
[TimeControl "40/5400+30:900+30"]

1. d4 Nf6 2. c4 e6 3. g3 c5 4. d5 exd5 5. cxd5 b5 6. Nf3 Bb7 7. e4 Nxe4 8. Bxb5
Qa5+ 9. Nfd2 Qxb5 10. Nxe4 f5 11. Nec3 Qa6 12. Na3 Bd6 13. Nab5 O-O 14. O-O Be5
15. Re1 Qf6 16. Bg5 Qxg5 17. Rxe5 Qf6 18. f4 Na6 19. Qe2 Qb6 20. Re7 c4+ 21.
Qf2 Nc5 22. Qd4 Rf7 23. Rae1 a6 24. Nc7 Raf8 25. Rxf7 Rxf7 26. Re8+ Rf8 27. Qe3
Qd6 28. Qe5 Qxe5 29. Rxe5 Rf6 30. d6 Nd3 31. Re8+ Rf8 32. Rxf8+ Kxf8 33. b3
cxb3 34. axb3 Nc5 35. b4 Nd3 36. b5 axb5 37. N7xb5 Kf7 1/2-1/2

[Event "47. Ilmar Raud Memorial"]
[Site "Viljandi"]
[Date "2013.07.02"]
[Round "2"]
[White "Sõskov, Vjacheslav"]
[Black "Külaots, Kaido"]
[Result "1/2-1/2"]
[WhiteElo "2278"]
[BlackElo "2581"]
[PlyCount "76"]
[EventDate "2013.??.??"]
[EventCountry "EST"]
[TimeControl "40/5400+30:900+30"]

1. e4 c5 2. Nf3 d6 3. d4 Nf6 4. Nc3 cxd4 5. Nxd4 a6 6. g3 e5 7. Nde2 Nbd7 8.
Bg2 Be7 9. O-O b5 10. a4 b4 11. Na2 Rb8 12. c3 bxc3 13. b4 O-O 14. Rb1 Bb7 15.
Nexc3 Qc7 16. a5 Rfc8 17. Qe2 Qc4 18. Qxc4 Rxc4 19. Re1 Rbc8 20. Bd2 Nf8 21. b5
axb5 22. Rxb5 Bc6 23. Rb2 Ne6 24. Nd5 Bxd5 25. exd5 Nd4 26. Nb4 Bd8 27. Ra1 Ra8
28. Be3 Rxa5 29. Rxa5 Bxa5 30. Nc6 Nxc6 31. dxc6 Kf8 32. Rb8+ Ke7 33. Rb7+ Kf8
34. Bg5 e4 35. Rb8+ Ke7 36. Rb7+ Kf8 37. Rb8+ Ke7 38. Rb7+ Kf8 1/2-1/2

[Event "47. Ilmar Raud Memorial"]
[Site "Viljandi"]
[Date "2013.07.02"]
[Round "2"]
[White "Kovalev, Vladislav"]
[Black "Bernotas, Arturs"]
[Result "1-0"]
[WhiteElo "2558"]
[BlackElo "2281"]
[PlyCount "39"]
[EventDate "2013.??.??"]
[EventCountry "EST"]
[TimeControl "40/5400+30:900+30"]

1. e4 d5 2. exd5 Qxd5 3. Nc3 Qd6 4. d4 Nf6 5. Nf3 Bg4 6. Be2 Nc6 7. Nb5 Qd7 8.
Ne5 Nxe5 9. dxe5 Bxe2 10. Qxd7+ Kxd7 11. Kxe2 Ng4 12. e6+ fxe6 13. Rd1+ Kc6 14.
a4 e5 15. Ra3 Kb6 16. Rb3 Rb8 17. h3 Nf6 18. a5+ Kxa5 19. Be3 c5 20. Bxc5 1-0

[Event "47. Ilmar Raud Memorial"]
[Site "Viljandi"]
[Date "2013.07.02"]
[Round "2"]
[White "Korstin, Maris"]
[Black "Neiksans, Arturs"]
[Result "0-1"]
[WhiteElo "2222"]
[BlackElo "2554"]
[PlyCount "82"]
[EventDate "2013.??.??"]
[EventCountry "EST"]
[TimeControl "40/5400+30:900+30"]

1. g3 e5 2. Bg2 d5 3. c4 d4 4. d3 Nc6 5. Nf3 Bb4+ 6. Bd2 a5 7. O-O Nf6 8. Bg5
O-O 9. Nbd2 Be7 10. Ne1 h6 11. Bxf6 Bxf6 12. Nc2 Be7 13. a3 a4 14. b4 axb3 15.
Nxb3 Na5 16. Nb4 c6 17. Nd2 Be6 18. Qc2 Qc7 19. Qb2 Bd7 20. Rfb1 Rfb8 21. Nc2
Be6 22. Qb6 Qxb6 23. Rxb6 Ra7 24. Rab1 Rd8 25. Nf3 f6 26. Nd2 Kf7 27. Kf1 Rd7
28. Kg1 g5 29. Bf3 g4 30. Bg2 h5 31. f3 f5 32. fxg4 hxg4 33. Rf1 Kg6 34. h4 Bc5
35. Rb2 Nxc4 36. Nxc4 Bxc4 37. dxc4 d3+ 38. Kh1 dxe2 39. Re1 Rd2 40. Reb1 Bf2
41. Kh2 Rxa3 0-1

[Event "47. Ilmar Raud Memorial"]
[Site "Viljandi"]
[Date "2013.07.02"]
[Round "2"]
[White "Dubrovin, Robert"]
[Black "Volodin, Aleksandr"]
[Result "1/2-1/2"]
[WhiteElo "2197"]
[BlackElo "2485"]
[PlyCount "107"]
[EventDate "2013.??.??"]
[EventCountry "EST"]
[TimeControl "40/5400+30:900+30"]

1. d4 c5 2. d5 f5 3. h4 e5 4. e4 d6 5. Nc3 Nf6 6. Bb5+ Bd7 7. exf5 Bxb5 8. Nxb5
Qd7 9. Nc3 Qxf5 10. Nge2 Be7 11. Ng3 Qd7 12. Bg5 O-O 13. Qe2 Na6 14. O-O-O Nc7
15. Nge4 Rae8 16. f3 b5 17. Nxf6+ Bxf6 18. Ne4 Bd8 19. Qd3 h6 20. Be3 Rf7 21.
h5 Ref8 22. Rh3 Ne8 23. Rg3 Kh8 24. Rg6 Nf6 25. Nxf6 Rxf6 26. Rh1 a6 27. Rh3
Rxg6 28. Qxg6 Rf6 29. Qe4 Qf5 30. Qxf5 Rxf5 31. g4 Rf7 32. Kd2 Kh7 33. Kd3 Bg5
34. Bxg5 hxg5 35. c3 Rf4 36. Ke3 a5 37. Rh2 Ra4 38. a3 Rf4 39. Rh1 a4 40. Rc1
c4 41. Rh1 Rf6 42. Ke4 Kg8 43. Rg1 Kf8 44. Rg2 Ke7 45. Rg1 Kd7 46. Rg2 Ke7 47.
Rh2 Rf4+ 48. Ke3 e4 49. fxe4 Rxg4 50. h6 gxh6 51. Rxh6 Rg3+ 52. Kf2 Rd3 53. Ke2
Rg3 54. Kf2 1/2-1/2

[Event "47. Ilmar Raud Memorial"]
[Site "Viljandi"]
[Date "2013.07.02"]
[Round "2"]
[White "Kveinys, Aloyzas"]
[Black "Fomina, Tatjana"]
[Result "1-0"]
[WhiteElo "2479"]
[BlackElo "2222"]
[PlyCount "83"]
[EventDate "2013.??.??"]
[EventCountry "EST"]

1. c4 e5 2. Nc3 Nf6 3. g3 Bb4 4. Bg2 c6 5. e4 O-O 6. Nge2 Re8 7. O-O d6 8. d3
Be6 9. h3 Bc5 10. Kh2 d5 11. exd5 cxd5 12. Qb3 Nbd7 13. cxd5 Bf5 14. Ne4 Rc8
15. Bd2 b6 16. Rac1 Qe7 17. a3 a5 18. Qb5 Red8 19. b4 axb4 20. axb4 Bd4 21.
Nxd4 exd4 22. Bf4 Bxe4 23. dxe4 Rxc1 24. Rxc1 h6 25. Qc4 g5 26. Bc7 Re8 27.
Qxd4 b5 28. f3 Ra8 29. e5 Ne8 30. e6 Ndf6 31. Be5 fxe6 32. dxe6 Qxe6 33. Rc2
Kf7 34. f4 Ra2 35. f5 Qb3 36. Rxa2 Qxa2 37. Qc5 Qe2 38. Qa7+ Kf8 39. Bd4 g4 40.
h4 Qd3 41. Qc5+ Kg8 42. Bd5+ 1-0

[Event "47. Ilmar Raud Memorial"]
[Site "Viljandi"]
[Date "2013.07.02"]
[Round "2"]
[White "Shvyrjov, Igor"]
[Black "Valner, Uku"]
[Result "1-0"]
[WhiteElo "2461"]
[BlackElo "2215"]
[PlyCount "120"]
[EventDate "2013.??.??"]
[EventCountry "EST"]

1. d4 e6 2. Nf3 Nf6 3. e3 b6 4. Nbd2 Bb7 5. Bd3 c5 6. O-O Be7 7. b3 cxd4 8.
exd4 O-O 9. Bb2 Nc6 10. a3 Rc8 11. Re1 Re8 12. Qe2 d6 13. Rac1 Nb8 14. c4 d5
15. Bb1 Ba6 16. h3 Nc6 17. Qe3 dxc4 18. bxc4 Bf8 19. Ba2 Ne7 20. Red1 Bb7 21.
Nf1 Nf5 22. Qe2 Nd7 23. Bb1 Nh4 24. Ne1 Ng6 25. Ng3 Bd6 26. Ne4 Bb8 27. g3 Qe7
28. Rc3 f5 29. Nd2 Qf7 30. Ndf3 h6 31. Ng2 Nf6 32. Ba2 Kh8 33. Re1 Ne4 34. Re3
Ba6 35. Ngh4 Nf8 36. Rc1 Rcd8 37. Ne1 Ng5 38. Kh2 f4 39. Rd3 Bb7 40. Bb1 Qc7
41. Rb3 Nfh7 42. Ng6+ Kg8 43. Nxf4 Qc6 44. Nfg2 Nf6 45. Bg6 Rf8 46. Re3 Nge4
47. f4 Nd6 48. Rxe6 Ba6 49. d5 Qc7 50. Re7 Qc8 51. Ne3 Rd7 52. Re6 Qd8 53. Nf3
Nb7 54. Bxf6 gxf6 55. Nd4 Nc5 56. Nc6 Qc7 57. Re8 Rg7 58. Rxb8 Rxg6 59. Rxf8+
Kxf8 60. Nf5 Bc8 1-0

[Event "47. Ilmar Raud Memorial"]
[Site "Viljandi"]
[Date "2013.07.02"]
[Round "2"]
[White "Agopov, Mikael"]
[Black "Kanep, Siim"]
[Result "1/2-1/2"]
[WhiteElo "2429"]
[BlackElo "2183"]
[PlyCount "115"]
[EventDate "2013.??.??"]
[EventCountry "EST"]

1. e4 c5 2. Nf3 d6 3. d4 cxd4 4. Nxd4 Nf6 5. Nc3 a6 6. Be3 e5 7. Nb3 Be7 8. f3
Be6 9. Qd2 O-O 10. O-O-O a5 11. Bb5 Na6 12. Qe2 Nc7 13. Ba4 b5 14. Bxb5 Nxb5
15. Qxb5 Qc8 16. Nd2 Rb8 17. Qd3 Qc6 18. Bg5 Rfc8 19. Bxf6 Bxf6 20. Nd5 Bxd5
21. exd5 Qa4 22. Ne4 Qxa2 23. Qa3 Qxa3 24. Nxf6+ gxf6 25. bxa3 Rb3 26. Rd2 Rxa3
27. Kb2 Ra4 28. Rb1 Rb4+ 29. Kc1 Rxb1+ 30. Kxb1 f5 31. Kb2 Kg7 32. g3 h5 33.
Kb3 Kf6 34. c4 Kg5 35. Ra2 Rc5 36. Kc3 h4 37. Rb2 hxg3 38. hxg3 Rc7 39. Rb6 Rd7
40. Ra6 f4 41. g4 e4 42. fxe4 f3 43. Kd3 Kf4 44. Rxa5 Re7 45. g5 Rxe4 46. Ra2
Re3+ 47. Kd4 Re2 48. Ra7 Re4+ 49. Kc3 Ke3 50. Rxf7 f2 51. g6 Rg4 52. g7 Ke2 53.
Re7+ Kd1 54. Rf7 Ke2 55. Re7+ Kd1 56. Rf7 Ke2 57. Re7+ Kd1 58. Rf7 1/2-1/2

[Event "47. Ilmar Raud Memorial"]
[Site "Viljandi"]
[Date "2013.07.02"]
[Round "2"]
[White "Lauk, Ülar"]
[Black "Kuusk, Andres"]
[Result "1-0"]
[WhiteElo "2403"]
[BlackElo "2154"]
[PlyCount "81"]
[EventDate "2013.??.??"]
[EventCountry "EST"]

1. e4 c5 2. Nf3 g6 3. d4 cxd4 4. Nxd4 Bg7 5. Nc3 Nc6 6. Be3 Nf6 7. Bc4 O-O 8.
Bb3 d6 9. h3 Bd7 10. O-O Qa5 11. f4 Nxd4 12. Bxd4 Bc6 13. Qd3 Rac8 14. Rae1 Nd7
15. Bxg7 Kxg7 16. Kh2 Nc5 17. Qd4+ Kg8 18. Bd5 Qb6 19. Bxc6 bxc6 20. b3 Ne6 21.
Qd3 Qb4 22. Qe3 Qd4 23. Na4 Qxe3 24. Rxe3 Rfd8 25. f5 Ng7 26. g4 f6 27. c4 g5
28. Rd1 c5 29. h4 h6 30. Rh3 Kf7 31. Kg3 Rg8 32. hxg5 hxg5 33. Rdh1 Ne8 34.
Rh7+ Kf8 35. Nc3 Nc7 36. Kf3 Ke8 37. Rd1 Kd7 38. e5 fxe5 39. Ne4 Ke8 40. f6 Kf8
41. fxe7+ 1-0

[Event "47. Ilmar Raud Memorial"]
[Site "Viljandi"]
[Date "2013.07.02"]
[Round "2"]
[White "Starcevs, Dmitrijs"]
[Black "Berzinsh, Roland"]
[Result "0-1"]
[WhiteElo "2139"]
[BlackElo "2400"]
[PlyCount "78"]
[EventDate "2013.??.??"]
[EventCountry "EST"]

1. e4 e5 2. Nf3 Nc6 3. Bb5 a6 4. Ba4 Nf6 5. O-O Be7 6. Re1 b5 7. Bb3 O-O 8. a4
Bb7 9. d3 Re8 10. Nbd2 h6 11. Nf1 Bf8 12. Ne3 Na5 13. Ba2 c5 14. Bd2 Nc6 15. c3
Na5 16. b4 cxb4 17. cxb4 Nc6 18. Qb3 Re7 19. Nf5 Re6 20. d4 Nxd4 21. N3xd4 exd4
22. Nxd4 Nxe4 23. Nxe6 dxe6 24. Be3 Qh4 25. axb5 axb5 26. Qb2 Bd6 27. h3 Ng5
28. Qd4 Nxh3+ 29. Kf1 Nf4 30. Bxf4 Bxf4 31. f3 Rd8 32. Qg1 Bd2 33. Red1 Bc3 34.
Qb6 Bd4 35. Rxd4 Rxd4 36. Re1 Qh1+ 37. Kf2 Rd2+ 38. Re2 Rxe2+ 39. Kxe2 Qxg2+
0-1

[Event "47. Ilmar Raud Memorial"]
[Site "Viljandi"]
[Date "2013.07.02"]
[Round "2"]
[White "Seeman, Tarvo"]
[Black "Sööt, Margus"]
[Result "1-0"]
[WhiteElo "2376"]
[BlackElo "2116"]
[PlyCount "171"]
[EventDate "2013.??.??"]
[EventCountry "EST"]

1. Nf3 Nf6 2. g3 c5 3. Bg2 e6 4. O-O Be7 5. d3 d6 6. e4 Nc6 7. Nbd2 Qc7 8. c3
b6 9. e5 Nd7 10. exd6 Bxd6 11. Nc4 O-O 12. Nxd6 Qxd6 13. d4 Bb7 14. Bf4 Qe7 15.
d5 exd5 16. Re1 Qd8 17. Qxd5 Nf6 18. Qf5 Ne7 19. Qc2 Ned5 20. Rad1 Qc8 21. Be5
Re8 22. Ng5 h6 23. Nf3 Ng4 24. h3 Nxe5 25. Rxe5 Nf6 26. Rxe8+ Qxe8 27. Re1 Qf8
28. Qa4 Qd6 29. Nh4 Bxg2 30. Nxg2 Qd2 31. Re7 Qc1+ 32. Ne1 Kf8 33. Re2 Re8 34.
Qc2 Qg5 35. Rxe8+ Nxe8 36. Ng2 Qd5 37. a4 Nf6 38. Ne3 Qd7 39. h4 g6 40. b4 cxb4
41. cxb4 Qd4 42. b5 Ne4 43. h5 Kg7 44. hxg6 Kxg6 45. Kg2 f5 46. Qc8 Qxa4 47.
Qxf5+ Kg7 48. Qe5+ Nf6 49. Nf5+ Kg6 50. Nh4+ Kf7 51. Qc7+ Ke6 52. Nf3 h5 53.
Qe5+ Kf7 54. Qc7+ Ke6 55. Qc6+ Ke7 56. Qb7+ Ke6 57. Qc8+ Ke7 58. Qb7+ Ke6 59.
Qc6+ Ke7 60. Ne5 a6 61. bxa6 Qxa6 62. Ng6+ Kf7 63. Ne5+ Ke7 64. Nc4 Nd7 65.
Qd6+ Ke8 66. Ne5 Qb7+ 67. Kh2 Nf8 68. Qh6 Qh7 69. Qxb6 Qf5 70. Qe3 Ne6 71. Nf3
Qg4 72. Kg2 Ke7 73. Qh6 Kd6 74. Qf6 Qe4 75. Kh2 Qg4 76. Nh4 Qe2 77. Ng6 Kc5 78.
Qf5+ Kd4 79. Qf6+ Kc4 80. Qf7 Kc3 81. Qf6+ Kc4 82. Nh4 Nd4 83. Qf7+ Kd3 84. Qf4
Kc4 85. Nf5 Qd3 86. Qxd4+ 1-0

[Event "47. Ilmar Raud Memorial"]
[Site "Viljandi"]
[Date "2013.07.02"]
[Round "2"]
[White "Narva, Mai"]
[Black "Miezis, Normunds"]
[Result "0-1"]
[WhiteElo "1854"]
[BlackElo "2549"]
[PlyCount "42"]
[EventDate "2013.??.??"]
[EventCountry "EST"]

1. e4 c5 2. Nf3 e6 3. d4 cxd4 4. Nxd4 a6 5. c4 Nf6 6. Nc3 Bb4 7. Bd3 Qc7 8. Bd2
Nc6 9. Nxc6 dxc6 10. O-O Bd6 11. g3 e5 12. Na4 b5 13. cxb5 axb5 14. Nc3 Bc5 15.
Ne2 Bh3 16. Rc1 Qd6 17. Qc2 Nd7 18. b4 Qf6 19. Qd1 Rxa2 20. Bc2 Rxc2 21. Rxc2
Qf3 0-1

[Event "47. Ilmar Raud Memorial"]
[Site "Viljandi"]
[Date "2013.07.02"]
[Round "2"]
[White "Tuul, Tarmo"]
[Black "Krivonosov, Oleg"]
[Result "0-1"]
[WhiteElo "2062"]
[BlackElo "2471"]
[PlyCount "110"]
[EventDate "2013.??.??"]
[EventCountry "EST"]

1. d4 d5 2. c4 e6 3. Nc3 Be7 4. cxd5 exd5 5. Qc2 c6 6. Nf3 Nf6 7. Bg5 g6 8. e3
Bf5 9. Bd3 Bxd3 10. Qxd3 Nbd7 11. O-O O-O 12. Bxf6 Bxf6 13. Na4 a5 14. Rfc1 Be7
15. b3 Ba3 16. Rc2 Qe7 17. Qd1 f5 18. g3 g5 19. Qd3 h6 20. Nc3 Rae8 21. Kg2 Qe6
22. h4 g4 23. Ng1 Nf6 24. Nge2 Bd6 25. Nf4 Bxf4 26. exf4 Qd7 27. Re2 Rxe2 28.
Qxe2 Re8 29. Qd3 Ne4 30. Re1 Qe6 31. Re3 Kf7 32. Qc2 Qd6 33. Qd3 Qb4 34. Nb1 a4
35. bxa4 Qxa4 36. Nc3 Qb4 37. Nxe4 dxe4 38. Qd1 Qc4 39. Ra3 Qd5 40. Kh2 c5 41.
Ra5 b6 42. Ra7+ Re7 43. Rxe7+ Kxe7 44. Qa4 cxd4 45. Qa7+ Qd7 46. Qxb6 d3 47.
Qxh6 d2 48. Qg7+ Ke6 49. Qg8+ Kd6 50. Qf8+ Kd5 51. Qg8+ Kc5 52. Qf8+ Kc4 53.
Qg8+ Kd3 54. Qb3+ Ke2 55. Kg2 Qd3 0-1

[Event "47. Ilmar Raud Memorial"]
[Site "Viljandi"]
[Date "2013.07.02"]
[Round "2"]
[White "Petrov, Dmitri"]
[Black "Sriram, Jha"]
[Result "0-1"]
[WhiteElo "1889"]
[BlackElo "2473"]
[PlyCount "46"]
[EventDate "2013.??.??"]
[EventCountry "EST"]

1. e4 c5 2. Nf3 e6 3. d4 cxd4 4. Nxd4 Nf6 5. Nc3 Nc6 6. Be2 Bb4 7. O-O Bxc3 8.
bxc3 Nxe4 9. Bd3 Nxd4 10. Bxe4 Nc6 11. Qg4 O-O 12. Bg5 f5 13. Bxd8 fxg4 14. Bc7
d5 15. Bd3 e5 16. c4 e4 17. cxd5 exd3 18. dxc6 Rf7 19. Bg3 dxc2 20. c7 Bf5 21.
f3 Bd3 22. Rfe1 gxf3 23. Re3 f2+ 0-1

[Event "47. Ilmar Raud Memorial"]
[Site "Viljandi"]
[Date "2013.07.02"]
[Round "2"]
[White "Akkanen, Timo"]
[Black "Kukk, Sander"]
[Result "0-1"]
[WhiteElo "1751"]
[BlackElo "2201"]
[PlyCount "108"]
[EventDate "2013.??.??"]
[EventCountry "EST"]

1. Nf3 g6 2. d4 Bg7 3. e4 d6 4. c4 Nf6 5. Nc3 O-O 6. Be2 e5 7. O-O exd4 8. Nxd4
Re8 9. Bf3 Nbd7 10. Bg5 h6 11. Bh4 Ne5 12. Rc1 Nxf3+ 13. Nxf3 g5 14. e5 Ng4 15.
Bg3 Nxe5 16. Nxe5 dxe5 17. Qxd8 Rxd8 18. Rfe1 f6 19. Red1 Be6 20. b3 c6 21. f3
Bf8 22. Bf2 b6 23. Rxd8 Rxd8 24. Rd1 Rxd1+ 25. Nxd1 Bf5 26. g4 Bc2 27. Nc3 Bb4
28. Be1 Kf7 29. Kf2 Bxc3 30. Bxc3 Bb1 31. a4 Ba2 32. b4 Bxc4 33. a5 Ke6 34. Bd2
bxa5 35. bxa5 Kd5 36. Ke3 Ba2 37. Be1 a6 38. h4 Bb1 39. hxg5 hxg5 40. Bd2 Ke6
41. Kf2 Kf7 42. Bc3 e4 43. Bd2 exf3 44. Kxf3 Bc2 45. Ke3 Bd1 46. Kd4 Bxg4 47.
Kc5 Bf3 48. Kb6 Ke6 49. Kxa6 Kd5 50. Kb6 c5 51. Be3 c4 52. Kb5 Ke4 53. Bf2 c3
54. Be1 Kd3 0-1